Dynamic contrast-enhanced magnetic resonance imaging of tumors : Preclinical validation of parametric images /
Đã lưu trong:
| 其他作者: | , , , , , |
|---|---|
| 格式: | Bài viết |
| 語言: | English |
| 主題: | |
| 標簽: |
添加標簽
沒有標簽, 成為第一個標記此記錄!
|
| Thư viện lưu trữ: | Thư viện Trường Đại học Đà Lạt |
|---|
| LEADER | 01063nam a2200349 4500 | ||
|---|---|---|---|
| 001 | DLU110117794 | ||
| 005 | ##20101221 | ||
| 040 | # | # | |a DLU |b eng |
| 041 | # | # | |a eng |
| 044 | # | # | |a us |
| 245 | # | # | |a Dynamic contrast-enhanced magnetic resonance imaging of tumors : Preclinical validation of parametric images / |c Tormod A. M. Egeland ... [et al.]. |
| 653 | # | # | |a Blood perfusion |
| 653 | # | # | |a DCE-MRI |
| 653 | # | # | |a Parametric image |
| 653 | # | # | |a Perfusion |
| 653 | # | # | |a Tumors |
| 700 | # | # | |a Egeland, Tormod A. M. |
| 700 | # | # | |a Ellingsen, Christine. |
| 700 | # | # | |a Gaustad, Jon-Vidar. |
| 700 | # | # | |a Gulliksrud, Kristine. |
| 700 | # | # | |a Rofstad, Einar K. |
| 700 | # | # | |a Simonsen, Trude G. |
| 773 | # | # | |t Radiation Research |g Vol. 172, no. 3 (September 2009), p. 339-347 |
| 920 | # | # | |a Phòng Tạp chí -- Trung tâm Thông tin - Thư viện Trường Đại học Đà Lạt |
| 994 | # | # | |a DLU |
| 900 | # | # | |a True |
| 911 | # | # | |a Trương Bảo Trâm Anh |
| 925 | # | # | |a G |
| 926 | # | # | |a A |
| 927 | # | # | |a BB |
| 980 | # | # | |a Thư viện Trường Đại học Đà Lạt |